00000000nam 2200000zi 4500
0019.935987
003CaOODSP
00520250109133651
006m     o  d f      
007cr cn|||||||||
008240325t20242024oncad   o    f000 0 fre d
020 |a9780660710082
040 |aCaOODSP|bfre|erda|cCaOODSP
043 |an-cn---
0861 |aM154-170/2024F-PDF
24500|aRéduire les coûts de chauffage électrique grâce aux planchers radiants.
264 1|a[Ottawa] : |bRessources naturelles Canada = Natural Resources Canada, |c[2024]
264 4|c©2024
300 |a1 ressource en ligne (4 pages non numérotées) : |billustrations en couleur, graphiques en couleur
336 |atexte|btxt|2rdacontent/fre
337 |ainformatique|bc|2rdamedia/fre
338 |aressource en ligne|bcr|2rdacarrier/fre
500 |aTitre de la couverture.
500 |aPublié aussi en anglais sous le titre : Reducing electric heating costs with radiant floors.
650 6|aPlanchers|xChauffage.
650 6|aConstructions|xÉconomies d'énergie.
7101 |aCanada. |bRessources naturelles Canada, |eorganisme de publication.
77508|tReducing electric heating costs with radiant floors.|w(CaOODSP)9.935986
85640|qPDF|s1.31 Mo|uhttps://publications.gc.ca/collections/collection_2025/rncan-nrcan/M154-170-2024-fra.pdf